000 00384nam a2200121 4500
999 _c12257
_d12257
008 190119b ||||| |||| 00| 0 eng d
100 _934664
_aDe Vera-Ruiz, Ellalyn
245 _aMore mineral reservation areas sought/
_cEllalyn De Vera-Ruiz
260 _aPhilippines
_bManila Bulletin
_cc2018
300 _apage 2.
650 0 _934665
_aMines and mineral resources.
942 _2ddc
_cPER